| 000 | 00958nam a2200313 i 4500 | ||
|---|---|---|---|
| 001 | C2-0258375 | ||
| 003 | PPAK | ||
| 005 | 20180727225032.0 | ||
| 008 | 041007s2003 my |||| ||||| | eng d | ||
| 020 | _a9832514479 ; 9789832514473 | ||
| 040 |
_aPPAK _beng _cPPAK _erda |
||
| 082 | 0 | 4 |
_a297.273 _223 |
| 090 | 0 | 0 |
_a297.273 _bWAR _dG |
| 090 | 0 | 0 |
_a297.273 _bWAR _dR |
| 245 | 0 | 0 |
_aWarisan al-Quran : _bsosioekonomi |
| 264 | 1 |
_aPulau Pinang : _bPenerbit Universiti Sains Malaysia , _c2003 |
|
| 300 |
_axiii, 247 pages ; _c22 cm |
||
| 336 |
_2rdacontent _atext |
||
| 337 |
_2rdamedia _aunmediated |
||
| 338 |
_2rdacarrier _avolume |
||
| 650 | 1 | 0 | _aIslam and economics. ; Islam and social problems. |
| 700 | 0 |
_aNoor Shakirah Mat Akhir _eeditor |
|
| 700 | 0 |
_aMohd. Radzi Othman _eeditor |
|
| 700 | 0 |
_aAtikullah Abdullah _eeditor |
|
| 700 | 0 |
_aZaleha Muhamat _eeditor |
|
| 700 | 0 |
_aUsman Yaakob _eeditor |
|
| 700 | 0 |
_aIsmail Omar, _eeditor |
|
| 942 |
_ddc _cB |
||
| 999 |
_c69973 _d69973 |
||